| 000 | 01383nam a2200421 c 4500 | ||
|---|---|---|---|
| 999 |
_c127810 _d127810 |
||
| 003 | BLK | ||
| 005 | 20220705152056.0 | ||
| 008 | 180409b bul|||||r ||||||| ||bul|| | ||
| 010 | _aKNG00133518000 | ||
| 020 | _a978-89-7375-111-2 03910 | ||
| 040 | _aBLK | ||
| 041 |
_aENG _cENG |
||
| 072 | 7 |
_2bullib _aН00 _xОбщ отдел Н |
|
| 080 |
_aЦивилизация. Култура. Прогрес. История на културата вж 930.85 _b008 _x(519.5) _z008(519.5) |
||
| 139 |
_aGuide to Korean Culture _bГ 90 _fG 94 _gГ 90 |
||
| 245 | 1 | 0 | _aGuide to Korean Culture |
| 246 | _aРъководство за Корейска култура | ||
| 257 | _aUJK | ||
| 260 |
_bKorean Culture and Inform. Service _c2009 |
||
| 300 |
_a268 p. _bill. _c22 cm |
||
| 380 | _a0 | ||
| 500 | _aEd. by Min. Culture, Sports and Tourism. Korean Culture and Inform. Service. | ||
| 650 | 4 |
_aКорея - култура _9268217 |
|
| 651 | 4 |
_aЮжна Корея _9300908 |
|
| 653 | _aЮжна Корея | ||
| 653 | _aкултура | ||
| 653 | _aдекоративно изкуство | ||
| 653 | _aкостюми | ||
| 653 | _aмаски | ||
| 653 | _aобреди | ||
| 653 | _aнакити | ||
| 653 | _aживопис | ||
| 659 | _aН | ||
| 856 | 4 | _qpdf | |
| 856 | 4 | _qpdf | |
| 942 |
_cKNG _n0 _s1 _01 |
||
| 944 |
_aCR _c10.09.2012 _lф / _kИрена_Линкова |
||
| 944 |
_aED _c08.04.2013 _lф / |
||
| 999 | _d127810 | ||
| 999 | _d127810 | ||
| 999 | _d127810 | ||
| 999 | _d127810 | ||